Country Names With 3 Different Vowels - Statistics

General Stats
  • This quiz has been taken 36 times
    33 since last reset
  • The average score is 40 of 61
Answer Stats
% Correct
Australia
83%
Venezuela
83%
Dominica
79%
Algeria
76%
Argentina
76%
Colombia
76%
Honduras
76%
Mexico
76%
Nicaragua
76%
Russia
76%
Saudi Arabia
76%
Austria
72%
Bolivia
72%
Bulgaria
72%
Guatemala
72%
Portugal
72%
Switzerland
72%
Antigua andBarbuda
69%
Azerbaijan
69%
Belarus
69%
Belgium
69%
Iceland
69%
Ireland
69%
Israel
69%
Mauritania
69%
Mongolia
69%
Tunisia
69%
Zimbabwe
69%
Armenia
66%
Czechia
66%
Mauritius
66%
Nigeria
66%
Serbia
66%
Slovakia
66%
South Sudan
66%
Trinidad and Tobago
66%
Cambodia
62%
Croatia
62%
Lithuania
62%
Luxembourg
62%
North Korea
62%
Romania
62%
Cameroon
59%
Costa Rica
59%
Maldives
59%
Saint Kitts andNevis
59%
Saint Lucia
59%
Saint Vincent andthe Grenadines
59%
San Marino
59%
Solomon Islands
59%
Somalia
59%
Vietnam
59%
Brunei
55%
Eswatini
55%
Ivory Coast
55%
Djibouti
52%
El Salvador
52%
Kuwait
52%
Lebanon
52%
Liberia
48%
Eritrea
41%
No matching quizzes found
Score Distribution
Percent of People with Each Score
Percentile by Number Answered
Your Score History
You have not taken this quiz since the last reset